000 00312nam a22001337a 4500
008 170503b xxu||||| |||| 00| 0 eng d
020 _a9781422498880
041 _aeng
080 _a34
100 _a13
101 _aSHJ
245 _aFOUNDATIONS ENVIROMENTAL LAW AND POLICY
_cREVESZ.R.L
942 _2udc
_cBK
999 _c12569
_d12569